Регионална библиотека "Любен Каравелов" - Русе

Юбилейна научно-техническа конференция "15 години ИССМ" (Запис номер 447257)

MARC детайли
000 -Лидер
Контролно поле с фиксирана дължина 01284nam a2200253 a 4500
003 - Код на организацията, давaща контролен номер
Контролно поле BLK
005 - Дата и час на последна редакция
Контролно поле 20230727124044.0
008 - Елементи от данни с фиксирана дължина
fixed length control field 220302b bu |||||r|||| 00| | bu d
040 ## - Източник на каталожния запис
Идентификатор на билиотеката - собственик на записа BLK
041 ## - Код за език
Код за езика на текст/звукозапис или на отделно заглавие Български
Код за езика КДБФ Български
080 ## - УДК
Текстов определител УДК Селскостопански машини и инструменти. Селскостопанско машиностроене
УДК код - определител по УДК 631.3
УДК определител (497.215)(062)
УДК - код + определител 631.3(497.215)(062)
139 ## - Редно поле
Редна дума Юбилейна научно-техническа конференция "15 години ИССМ"
Авторски знак Юб - Ю 12
245 ## - Сведения за заглавието
Заглавие Юбилейна научно-техническа конференция "15 години ИССМ"
Подзаглавни данни Програма на конференцията, резюмета на докладите
Физически носител (вид на носителя) [Малотир. изд.]
260 ## - Област на издателските данни
9 (RLIN) 441842
Място на издаване, разпространение и проч. Русе
Година на издаване 1978
300 ## - Физическа характеристика
Страници 65 с.
Размери/Мащаб 21 см
380 ## - Жанр
Жанр Селско стопанство
500 ## - Общи забележки
Забележка Изд. ИССМ-Русе ; Национална секция по селскостопанско машиностроене ; Окр съвет на НТС -Русе
653 #0 - Ключова дума – ненормативна
9 (RLIN) 471183
Ключова дума селскостопанско машиностроене
653 #7 - Ключова дума – ненормативна
9 (RLIN) 185374
Ключова дума доклади
653 #0 - Ключова дума – ненормативна
9 (RLIN) 471146
Ключова дума програма
852 ## - Местоположение
Фондова буква Краезнание
Систематично-азбучна сигнатура К 63/Ю 12
999 ## - СИСТЕМНИ КОНТРОЛНИ НОМЕРА
Koha biblionumber 447257
Koha biblioitemnumber 447257
942 ## - АРТИКУЛИ
Вид на библиотечния материал Книги
Скрит в OPAC Не
Периодичен библиозапис Да
Koha issues (borrowed), all copies 1
944 ## - СЪЗДАВАНЕ И РЕДАКЦИЯ на ЗАПИСА
Създаване/Редакция Създаване
Дата на регистрацията/редакция 2022-03-07
Служител, извършил регистрацията/редакцията 30556
Статус, дата на статуса Теодора Пейчева-Дянкова
Наличности
Код за отписване Код за изгубен артикул Източник на класификационната схема Код за повреда Коз за рестрикции Код за отдаване Артикулен № Име на библиотеката - собственик Име на библиотеката, в която се намира в момента Статус (Текущо местоположение) Дата на вписване в системата Местоположение - отдел Цена в лева Систематично азбучна сигнатура Баркод Цена в евро Служебен тип на артикула
  Не е изгубен Universal Decimal Classification Не е повреден само за читалня ползва се в читалня 875051 Регионална библиотека "Любен Каравелов" Русе Регионална библиотека "Любен Каравелов" Русе Краезнание 2022-03-14 Краезнание 1.00 К 63/Ю 12 120000868036 0.51 Книги
Vip Innovations Ltd, Rousse, Bulgaria 2025